| 000 | 00987naa a22002177i 4500 | ||
|---|---|---|---|
| 001 | 232575 | ||
| 003 | ES-MaBCM | ||
| 005 | 20260304080752.0 | ||
| 008 | 260304s2026 sp ||||| |||| 00| 0 spa d | ||
| 040 | _cES-MaBCM | ||
| 100 | 1 |
_aBellido González Del Campo, Carlos _9127194 |
|
| 245 | 1 | 0 |
_aEntre la autonomía y la protección : _binterpretación del modelo de apoyos de la Ley 8/2021 en la Jurisprudencia del Tribunal Supremo _cCarlos Bellido González del Campo |
| 504 | _aIncluye referencias bibliográficas | ||
| 610 | 1 | 0 |
_aEspaña _t. Ley por la que se reforma la legislación civil y procesal para el apoyo a las personas con discapacidad en el ejercicio de su capacidad jurídica, 2021 _9126067 |
| 650 | 7 |
_aDiscapacitado _959452 |
|
| 650 | 7 |
_aAsistencia judicial _957618 |
|
| 650 | 7 |
_aDerecho a la justicia _958287 |
|
| 655 | 4 |
_aJurisprudencia _9115565 |
|
| 773 | 0 |
_dLas Rozas, Madrid _gN. 10895 (3 de marzo de 2026) - Loc. En línea _tDiario La Ley _w213918 |
|
| 942 |
_2udc _cAREV |
||
| 999 |
_c232575 _d232575 |
||